00409cam a2200133 a 4500020002500000040000900025082002600034245008000060260003500140300003400175650001600209650001900225700003100244 a9781780641003 (hbk.) cDNAL00a381 CAB 2013 C158 Or.00aAgricultural markets in a transitioning economy :ban Albanian case study / aCambridge, MA :bCABI,cc2013. axii, 266 p. :bill. ;c25 cm. 0aAgriculture 0aPost-communism1 aChan-Halbrendt, Catherine,